LIBRARY & INFORMATION CENTRE, KCAET, TAVANUR

ONLINE PUBLIC ACCESS CATALOGUE (OPAC)

Canal systems automation manual / (Record no. 5529)

MARC details
000 -LEADER
fixed length control field 00526cam a2200205ua 4500
020 ## - INTERNATIONAL STANDARD BOOK NUMBER
ISBN 81-7233-045-6
041 ## - LANGUAGE CODE
Language code of text/sound track or separate title eng
082 ## - DEWEY DECIMAL CLASSIFICATION NUMBER
Classification number 028.72631
Item number BUY/CA
100 ## - MAIN ENTRY--AUTHOR NAME
Personal name Buyalski, C P.
245 ## - TITLE STATEMENT
Title Canal systems automation manual /
250 ## - EDITION STATEMENT
Edition statement 1 /
260 ## - PUBLICATION, DISTRIBUTION, ETC. (IMPRINT)
Place of publication Jodhpur :
Name of publisher Scientific Publishers ,
Year of publication 1992.
300 ## - PHYSICAL DESCRIPTION
Number of Pages 113 ; .
700 1# - ADDED ENTRY--PERSONAL NAME
Personal name Ehler, D G .
700 1# - ADDED ENTRY--PERSONAL NAME
Personal name Falvey, H T .
942 ## - ADDED ENTRY ELEMENTS (KOHA)
Koha item type Books
Holdings
Withdrawn status Lost status Damaged status Home library Current library Date acquired Full call number Accession Number Koha item type
      KAUAET KAUAET 07/04/2012 028.72631 17979 Reference
free website counter